000 00717nam a2200253Ia 4500
003 OSt
005 20220926012020.0
006 a|||||r|||| 00| 0
007 ta
008 220923b |||||||| |||| 00| 0 eng d
037 _cGeneral Book
040 _aRTL
_cRTL
_beng
041 _2eng
_aeng
082 _a2:1, K6
100 _aRanganathan S R
_93288
245 0 _aLibrary book selection
260 _aNew York
_bAsia publishing house
_c1966
300 _a436p.
_ccm.
490 _aRanganathan Series in library science 16
650 _aLibrary Sicence
_9231926
700 _a Gopinath M A
_944605
942 _h2:1, K6
_cGB
_2CC
999 _c621548
_d621548